<?xml version="1.0" encoding="UTF-8"?><?xml-stylesheet type="text/xsl" href="static/style.xsl"?><OAI-PMH xmlns="http://www.openarchives.org/OAI/2.0/" xmlns:xsi="http://www.w3.org/2001/XMLSchema-instance" xsi:schemaLocation="http://www.openarchives.org/OAI/2.0/ http://www.openarchives.org/OAI/2.0/OAI-PMH.xsd"><responseDate>2026-04-17T22:51:39Z</responseDate><request verb="GetRecord" identifier="oai:www.recercat.cat:2072/455823" metadataPrefix="marc">https://recercat.cat/oai/request</request><GetRecord><record><header><identifier>oai:recercat.cat:2072/455823</identifier><datestamp>2026-03-13T07:35:04Z</datestamp><setSpec>com_2072_98</setSpec><setSpec>col_2072_378192</setSpec></header><metadata><record xmlns="http://www.loc.gov/MARC21/slim" xmlns:dcterms="http://purl.org/dc/terms/" xmlns:xsi="http://www.w3.org/2001/XMLSchema-instance" xmlns:doc="http://www.lyncode.com/xoai" xsi:schemaLocation="http://www.loc.gov/MARC21/slim http://www.loc.gov/standards/marcxml/schema/MARC21slim.xsd">
   <leader>00925njm 22002777a 4500</leader>
   <datafield ind2=" " ind1=" " tag="042">
      <subfield code="a">dc</subfield>
   </datafield>
   <datafield ind2=" " ind1=" " tag="720">
      <subfield code="a">Gala Durán, Carolina</subfield>
      <subfield code="e">author</subfield>
   </datafield>
   <datafield ind2=" " ind1=" " tag="260">
      <subfield code="c">2021</subfield>
   </datafield>
   <datafield ind2=" " ind1=" " tag="520">
      <subfield code="a">La reciente regulación del teletrabajo a través del Real Decreto-ley 28/2020 plantea diversas cuestiones y, entre ellas, la relación que puede existir entre esta modalidad de prestación de servicios y el derecho a la conciliación de la vida laboral y familiar de las personas trabajadoras. El objetivo de este trabajo es analizar la forma como a nivel de la Unión Europea, estatal, autonómico y local, se relacionan ambos conceptos, así como la visión que se tiene de ellos. También se aborda el papel de la negociación colectiva en esta materia.</subfield>
   </datafield>
   <datafield ind2=" " ind1=" " tag="520">
      <subfield code="a">La recent regulació del teletreball a través del Reial decret llei 28/2020 planteja diverses qüestions i, entre aquestes, la relació que pot existir entre aquesta modalitat de prestació de serveis i el dret a la conciliació de la vida laboral i familiar de les persones treballadores. L'objectiu d'aquest treball és analitzar, a nivell de la Unió Europea, estatal, autonòmic i local, la forma en que es relacionen tots dos conceptes, així com la visió que es té d'ells. També s'aborda el paper de la negociació col·lectiva en aquesta matèria.</subfield>
   </datafield>
   <datafield ind2=" " ind1=" " tag="520">
      <subfield code="a">The recent regulation of teleworking through Royal Decree-Law 28/2020 raises various questions, including the relationship that may exist between this type of service provision and the right to work-life balance for workers. The aim of this paper is to analyse how both concepts are related at the European Union, national, regional and local levels, as well as how they are viewed. It also addresses the role of collective bargaining in this area.</subfield>
   </datafield>
   <datafield tag="653" ind2=" " ind1=" ">
      <subfield code="a">Conciliación</subfield>
   </datafield>
   <datafield tag="653" ind2=" " ind1=" ">
      <subfield code="a">Familia</subfield>
   </datafield>
   <datafield tag="653" ind2=" " ind1=" ">
      <subfield code="a">Teletrabajo</subfield>
   </datafield>
   <datafield tag="653" ind2=" " ind1=" ">
      <subfield code="a">Administraciones públicas</subfield>
   </datafield>
   <datafield tag="653" ind2=" " ind1=" ">
      <subfield code="a">Negociación colectiva</subfield>
   </datafield>
   <datafield tag="653" ind2=" " ind1=" ">
      <subfield code="a">Conciliació</subfield>
   </datafield>
   <datafield tag="653" ind2=" " ind1=" ">
      <subfield code="a">Família</subfield>
   </datafield>
   <datafield tag="653" ind2=" " ind1=" ">
      <subfield code="a">Teletreball</subfield>
   </datafield>
   <datafield tag="653" ind2=" " ind1=" ">
      <subfield code="a">Administracions públiques</subfield>
   </datafield>
   <datafield tag="653" ind2=" " ind1=" ">
      <subfield code="a">Negociació col·lectiva</subfield>
   </datafield>
   <datafield tag="653" ind2=" " ind1=" ">
      <subfield code="a">Reconciliation</subfield>
   </datafield>
   <datafield tag="653" ind2=" " ind1=" ">
      <subfield code="a">Family</subfield>
   </datafield>
   <datafield tag="653" ind2=" " ind1=" ">
      <subfield code="a">Teleworking</subfield>
   </datafield>
   <datafield tag="653" ind2=" " ind1=" ">
      <subfield code="a">Public administrations</subfield>
   </datafield>
   <datafield tag="653" ind2=" " ind1=" ">
      <subfield code="a">Collective bargaining</subfield>
   </datafield>
   <datafield ind2="0" ind1="0" tag="245">
      <subfield code="a">La relación entre el teletrabajo y la conciliación de la vida laboral y familiar : el papel de la normativa y la negociación colectiva</subfield>
   </datafield>
</record></metadata></record></GetRecord></OAI-PMH>